Culture générale Bretagne - Statistiques

Statistiques générales
  • Ce quiz a été pris 272 fois
  • Le résultat moyen est 6 sur 15
Statistiques - réponses
Hint Réponse % Correct
Quelle ville est le plus important port militaire de Bretagne depuis le XVIIe siècle ? Brest
96%
Dans quelle ville se déroule le Festival Interceltique ? Lorient
92%
Quelle chanteuse bretonne à remporté la Star Academy ? Nolwenn Leroy
78%
Quelle ville est appelée la "cité corsaire" ? Saint Malo
75%
Dans quelle ville bretonne trouve-t-on la cathédrale Saint-Corentin ? Quimper
57%
Quel célèbre malouin fait la découverte du Canada ? Jacques Cartier
56%
Quel auteur romantique breton a grandi au château de Combourg ? François-René de Châteaubriand
28%
Quelle est la plus grande forteresse médiévale des Marches de Bretagne ? Fougères
26%
En quelle année la Bretagne est définitivement rattachée à la France ? 1532
20%
Sur quelle île bretonne trouve-t-on la seule tombe viking à bateau en dehors de Scandinavie ? Groix
19%
Qui est le premier roi de France à s'unir avec Anne de Bretagne ? Charles VIII
13%
Quel auteur français a écrit les romans Pêcheur d'Islande et Mon frère Yves ? Pierre Loti
11%
Quelle est la plus grande commune de Bretagne en superficie ? Le Mené
5%
Comment appelle-t-on la dernière place bretonne à être libérée en 1945 ? La poche de Lorient
3%
Quel peuple gaulois occupait l'ouest de la Bretagne actuelle ? Les Osismes
2%
Aucun quiz correspondant
Distribution des résultats
% des personnes avec chaque résultat
Percentile par nombre de réponses
Votre historique - résultats
Vous n’avez pas pris ce quiz